Teatro: El malentendido - Calígula - El estado de sitio - Los justos
Збережено в:
| Автор: | |
|---|---|
| Формат: | Книга |
| Мова: | Undetermined |
| Опубліковано: |
Buenos Aires, Argentina
Losada
1957
|
| Редагування: | 4 |
| Предмети: | |
| Теги: |
Додати тег
Немає тегів, Будьте першим, хто поставить тег для цього запису!
|
MARC
| LEADER | 00000nam a2200000Ia 4500 | ||
|---|---|---|---|
| 008 | 170316s9999 xx 000 0 und d | ||
| 040 | |a cru BVZT | ||
| 090 | |a 840 C-2t | ||
| 100 | |a Camus, Albert | ||
| 245 | |a Teatro: El malentendido - Calígula - El estado de sitio - Los justos | ||
| 250 | |a 4 | ||
| 260 | |a Buenos Aires, Argentina | ||
| 260 | |b Losada | ||
| 260 | |c 1957 | ||
| 300 | |a 259 páginas | ||
| 650 | |a LITERATURA FRANCESA | ||
| 999 | |c 7600 |d 7600 | ||
| 942 | |c 15 D |h 840 C-2t |2 z | ||
